[Event "AUTO-MASTER-863"]
[Site "http://www.queenalice.com/game.php?id=626460"]
[Date "2009.7.29"]
[Round "1"]
[White "mandar9589"]
[Black "IMS"]
[Result "0-1"]
[WhiteElo "2181"]
[BlackElo "2122"]

1. d4 f5 2. Nf3 Nf6 3. e3 e6 4. Bd3 Be7 5. O-O O-O 6. Nbd2 d5 7. Ne5 Nbd7 8.
Ndf3 Nxe5 9. Nxe5 c5 10. c3 Qc7 11. c4 Nd7 12. Nxd7 Bxd7 13. cxd5 exd5 14. dxc5
Bxc5 15. Qf3 Bc6 16. Bd2 d4 17. Qh3 Qe5 18. Rac1 dxe3 19. Bxe3 Bxe3 20. fxe3 g6
21. Bc4+ Kg7 22. Rf4 Qxb2 23. Rcf1 Rae8 24. Re1 Rd8 25. Rh4 Rh8 26. Qg3 Rd2 27.
Qc7+ Rd7 28. Qg3 Rd2 29. Qc7+ Kf6 30. Qf7+ Kg5 31. Be2 h5 32. Rh3 Kh6 33. Rg3
Qg7 34. Qc4 Qf6 35. Bf3 Rhd8 36. Bxc6 Rd1 37. Rxd1 Rxd1+ 38. Kf2 Qxc6 39. Qf4+
Kh7 40. Rf3 Rd2+ 41. Kg3 Rxa2 42. Qe5 a5 43. Qe7+ Kg8 44. Qd8+ Kf7 0-1

[Event "AUTO-MASTER-863"]
[Site "http://www.queenalice.com/game.php?id=626461"]
[Date "2009.7.29"]
[Round "1"]
[White "IMS"]
[Black "szachista92"]
[Result "0-1"]
[WhiteElo "2064"]
[BlackElo "2169"]

1. e4 c5 2. Nf3 d6 3. d4 cxd4 4. Nxd4 a6 5. c4 Nf6 6. Nc3 Nc6 7. Be2 g6 8. Be3
Bg7 9. O-O O-O 10. Qd2 Ng4 11. Bxg4 Bxg4 0-1

[Event "AUTO-OPEN-1756"]
[Site "http://www.queenalice.com/game.php?id=680283"]
[Date "2009.11.9"]
[Round "1"]
[White "juniorcabralll"]
[Black "IMS"]
[Result "0-1"]
[WhiteElo "1497"]
[BlackElo "2070"]

1. Nf3 Nf6 2. c4 g6 3. d4 c5 4. Nc3 Bg7 5. e4 cxd4 6. Nxd4 O-O 7. Be2 Nc6 8. Be3
d6 9. O-O Bd7 10. f4 Nxd4 0-1

[Event "AUTO-OPEN-1756"]
[Site "http://www.queenalice.com/game.php?id=680284"]
[Date "2009.11.9"]
[Round "1"]
[White "IMS"]
[Black "GMcruz"]
[Result "1-0"]
[WhiteElo "2136"]
[BlackElo "2086"]

1. e4 c6 2. d4 d5 3. Nc3 dxe4 4. Nxe4 Bf5 5. Ng3 Bg6 6. Nf3 Nd7 7. h4 h6 8. h5
Bh7 9. Bd3 Bxd3 10. Qxd3 Ngf6 11. Bd2 Qc7 12. Kf1 e6 13. Re1 O-O-O 14. c4 Bd6
15. Rh4 c5 16. b4 cxb4 17. Ne2 e5 18. c5 e4 19. cxd6 exd3 20. dxc7 dxe2+ 21.
Rxe2 Kxc7 22. Bxb4 Nd5 23. Rc2+ Kb6 24. Bd2 Rc8 25. Rb2+ Ka6 26. Rg4 Rhg8 27.
Ne5 N7f6 28. Rg3 b6 29. Nxf7 Rc6 30. Ne5 Rd6 31. Ra3+ Kb7 32. g4 Rc8 33. f3 Rc7
34. Ke2 Rd8 35. Kd3 Rdc8 36. Ra4 Rd8 37. f4 Rf8 38. Rc4 Rfc8 39. Rxc7+ Rxc7 40.
Rb1 Rc8 41. Rh1 Rf8 42. g5 Ng8 43. Rg1 Nxf4+ 44. Bxf4 Rxf4 45. gxh6 Nxh6 46.
Rxg7+ Ka6 47. Rg5 Rf2 48. Rg6 Nf5 49. Rf6 Rf4 50. d5 Kb5 51. Kc3 Rf1 52. d6 1-0

[Event "AUTO-OPEN-1756"]
[Site "http://www.queenalice.com/game.php?id=680285"]
[Date "2009.11.9"]
[Round "1"]
[White "GMcruz"]
[Black "IMS"]
[Result "0-1"]
[WhiteElo "2070"]
[BlackElo "2146"]

1. d4 Nf6 2. c4 e6 3. Nf3 Bb4+ 4. Bd2 Qe7 5. g3 b6 6. Bg2 Bb7 7. O-O Bxd2 8.
Nbxd2 O-O 9. Qc2 d6 10. e4 e5 11. Rfe1 a5 12. Rad1 Nc6 13. Qc3 Bc8 14. b3 Bg4
15. h3 exd4 16. Qb2 Bxf3 17. Nxf3 Rad8 18. Nxd4 Nxd4 19. Qxd4 Rfe8 20. f4 Nd7
21. Kh2 h5 22. Bf3 Nf6 23. Qc3 Qe6 24. e5 dxe5 25. Rxe5 Qc8 26. Rde1 h4 27. g4
Rxe5 28. fxe5 Nh7 29. Bd5 c6 30. Bg2 Qc7 31. Kh1 Ng5 32. Qe3 Ne6 33. Qe4 Rd2 34.
Qxc6 Qxc6 35. Bxc6 Nf4 36. Re3 Rxa2 37. Kg1 g5 38. Bd5 Kf8 39. e6 fxe6 40. Bxe6
Re2 41. Rxe2 Nxe2+ 42. Kf2 Nd4 43. Bd7 Nxb3 44. Ke3 Ke7 45. Bf5 Kd6 46. Bc2 Nc5
47. Kd4 Ne6+ 48. Ke4 Nf4 49. Kf5 Nxh3 50. Bd1 Kc5 51. Bf3 Kxc4 52. Bg2 Nf2 53.
Kxg5 h3 54. Bc6 b5 55. Kf4 Nxg4 56. Kxg4 h2 57. Kh3 h1=Q+ 58. Bxh1 a4 59. Be4 a3
60. Bh7 b4 61. Kg3 b3 62. Kf2 a2 0-1

[Event "AUTO-MASTER-952"]
[Site "http://www.queenalice.com/game.php?id=680452"]
[Date "2009.11.9"]
[Round "1"]
[White "BIGJACK"]
[Black "IMS"]
[Result "0-1"]
[WhiteElo "1974"]
[BlackElo "2114"]

1. e4 e5 2. Nf3 Nc6 3. Bc4 Be7 4. c3 Nf6 5. d3 O-O 6. O-O d5 7. exd5 Nxd5 8. Re1
Bf6 9. Na3 Bg4 10. Nc2 a6 11. Ne3 Nxe3 12. Bxe3 Na5 13. Bb3 Nxb3 14. axb3 Qd5
15. c4 Qd6 16. Qe2 Rad8 17. Red1 Qb4 18. Ra3 e4 19. dxe4 Bxb2 20. Ra2 Qxb3 21.
h3 Rxd1+ 22. Kh2 Be5+ 23. g3 Bxf3 0-1

[Event "AUTO-MASTER-952"]
[Site "http://www.queenalice.com/game.php?id=680453"]
[Date "2009.11.9"]
[Round "1"]
[White "IMS"]
[Black "BIGJACK"]
[Result "1-0"]
[WhiteElo "2106"]
[BlackElo "1985"]

1. e4 e5 2. Nf3 Nc6 3. Bb5 a6 4. Bxc6 dxc6 5. O-O Bd6 6. d3 Bg4 7. Be3 Nf6 8.
Nbd2 O-O 9. h3 Bh5 10. g4 Bg6 11. Nc4 Re8 12. g5 Nh5 13. Nh4 Nf4 14. Bxf4 exf4
15. Qg4 b5 16. Nxd6 Qxd6 17. Ng2 Re5 18. Qxf4 Rae8 19. a4 Qd4 20. axb5 axb5 21.
c3 Qxd3 22. Qxe5 1-0

[Event "AUTO-MASTER-952"]
[Site "http://www.queenalice.com/game.php?id=680462"]
[Date "2009.11.9"]
[Round "1"]
[White "IMS"]
[Black "woinic"]
[Result "1-0"]
[WhiteElo "2076"]
[BlackElo "2072"]

1. e4 c6 2. d4 d5 3. Nc3 dxe4 4. Nxe4 Bf5 5. Ng3 Bg6 6. Nf3 Nd7 7. h4 h6 8. h5
Bh7 9. Bd3 Bxd3 10. Qxd3 e6 11. Bd2 Ngf6 12. Kf1 Bd6 13. Re1 Qc7 14. Rh4 Bxg3
15. fxg3 O-O-O 16. c4 Rhe8 17. Qa3 b6 18. Bf4 Qb7 19. Bd6 Nb8 20. Ne5 Ng8 21.
Bxb8 Kxb8 22. Qf3 Rc8 23. Nxf7 Rf8 24. Rf4 Qe7 25. d5 Qc5 26. Ne5 Nf6 27. Rxf6
Rxf6 28. Nd7+ Kc7 29. Nxc5 Rxf3+ 30. gxf3 bxc5 31. Rxe6 cxd5 32. cxd5 Kd7 33.
Rg6 1-0

[Event "AUTO-MASTER-952"]
[Site "http://www.queenalice.com/game.php?id=680463"]
[Date "2009.11.9"]
[Round "1"]
[White "woinic"]
[Black "IMS"]
[Result "0-1"]
[WhiteElo "2080"]
[BlackElo "2092"]

1. c4 e5 2. Nc3 Nc6 3. g3 g6 4. Bg2 Bg7 5. d3 d6 6. a3 a5 7. Rb1 Nge7 8. e4 O-O
9. Nge2 f5 10. b4 axb4 11. axb4 Be6 12. b5 Nd4 13. O-O Nxe2+ 14. Nxe2 fxe4 15.
Bxe4 d5 16. cxd5 Nxd5 17. Qc2 Kh8 18. Bb2 Qd7 19. Nc3 Nb4 20. Qe2 c5 21. Qe3
Rac8 22. Ne2 b6 23. f4 Bh3 24. Rfd1 exf4 25. Nxf4 Bxb2 26. Rxb2 Bg4 27. Rdd2 g5
28. Ne2 Qe7 29. Nc3 Qf6 30. Rf2 Qxc3 0-1

[Event "AUTO-MASTER-952"]
[Site "http://www.queenalice.com/game.php?id=750629"]
[Date "2010.3.23"]
[Round "2"]
[White "mds"]
[Black "IMS"]
[Result "1/2-1/2"]
[WhiteElo "2377"]
[BlackElo "2188"]

1. e4 e6 2. d4 d5 3. Nd2 c5 4. exd5 exd5 5. Bb5+ Nc6 6. Qe2+ Be7 7. dxc5 Nf6 8.
Nb3 O-O 9. Be3 Re8 10. O-O-O Ne4 11. Qf1 a5 1/2-1/2

[Event "AUTO-MASTER-952"]
[Site "http://www.queenalice.com/game.php?id=750630"]
[Date "2010.3.23"]
[Round "2"]
[White "IMS"]
[Black "mds"]
[Result "1/2-1/2"]
[WhiteElo "2194"]
[BlackElo "2371"]

1. e4 c5 2. Nf3 a6 3. d4 cxd4 4. Nxd4 Nf6 5. Nc3 e5 6. Nb3 Bb4 7. Bd3 d5 8. exd5
Nxd5 9. Bd2 Nxc3 10. bxc3 Be7 11. Qe2 Nc6 12. O-O 1/2-1/2

[Event "AUTO-OPEN-1756"]
[Site "http://www.queenalice.com/game.php?id=757047"]
[Date "2010.4.6"]
[Round "2"]
[White "josecastroman"]
[Black "IMS"]
[Result "0-1"]
[WhiteElo "1870"]
[BlackElo "2183"]

1. e4 e5 2. Nf3 Nc6 3. Bc4 Be7 4. Nc3 Nf6 5. d3 O-O 6. Bg5 d6 7. h3 Na5 8. Qd2
Nxc4 9. dxc4 Be6 10. b3 h6 11. Bh4 Nxe4 12. Nxe4 Bxh4 13. g3 Be7 14. O-O-O f5
15. Nc3 e4 16. Nd4 Bg5 17. f4 exf3 18. Nxe6 Bxd2+ 19. Rxd2 Qf6 20. Nd4 c5 21.
Nd5 Qe5 0-1

[Event "AUTO-OPEN-1756"]
[Site "http://www.queenalice.com/game.php?id=757048"]
[Date "2010.4.6"]
[Round "2"]
[White "IMS"]
[Black "josecastroman"]
[Result "1-0"]
[WhiteElo "2186"]
[BlackElo "1869"]

1. d4 d5 2. c4 Nf6 3. Nc3 Bf5 4. cxd5 Nxd5 5. f3 Nxc3 6. bxc3 e6 7. e4 Bg6 8.
Be3 a6 9. Qb3 b6 10. Nh3 Be7 11. Nf4 O-O 12. Rd1 Nd7 13. Bf2 Bg5 14. Nxg6 hxg6
15. h4 Bh6 16. h5 Qf6 17. hxg6 Qxg6 18. Rh3 Nf6 19. c4 Nh5 20. g3 f5 21. e5 Rad8
22. f4 Qf7 23. Be2 g6 24. Bf3 Kg7 25. d5 exd5 26. cxd5 g5 27. Bxh5 1-0